000 00372nam a2200145Ia 4500
008 151213s9999 xx 000 0 und d
100 _aIan Jack
245 _aAugusten Satire
_cIan Jack
260 _aLondon
_bOxford and IBH Publications
_c1970
300 _a8678 p.
650 _aEnglish Literature
650 _aEnglish Literature
700 _aIan Jack
999 _c4464
_d4464